000 00500cam a2200205ua 4500
001 9357
005 20260515114446.0
008 150812n ii |||gr||||Z||||||asm
040 _cMAIN
041 _aasm
082 _a394.26
100 _aBaruah, Sukha,
_eAuthor.
245 1 2 _aAhomxakolor utsav anusthan
_cby Sukha Baruah
250 _a4th ed.
260 _aGuwahati:
_bKalpataru prakashan,
_c2013.
300 _a316p.
653 _aGeneral customs
653 _aFestivals of Ahom
942 _cBK
999 _c8409
_d8409